00209nam a2200085 4500082001400000245006200014260002800076300000800104500001100112 a582.8 WOR aWorkshop on Human induced stresses on Mangrove Ecosystems aIndonesiabUNESCOc1984 a132 aReport